Carregant...
The story of civilization
| Autor principal: | |
|---|---|
| Format: | Printed Book |
| Idioma: | English |
| Publicat: |
New Delhi, National Council of Educational Research and Training
1990 |
| Col·lecció: | 1
|
| Matèries: |
| LEADER | 005340000a22001810004500 | ||
|---|---|---|---|
| 041 | |a eng | ||
| 082 | |a 900 N0 | ||
| 100 | |a Dev, Arjun |9 124460 | ||
| 245 | |a The story of civilization | ||
| 260 | |a New Delhi, National Council of Educational Research and Training | ||
| 260 | |a 1990 | ||
| 465 | |a R 16.50 | ||
| 490 | |a 1 |c A history textbook for IX | ||
| 650 | |a Civilization |9 124461 | ||
| 650 | |a History |9 124462 | ||
| 942 | |c BK | ||
| 999 | |c 169331 |d 169327 | ||
| 952 | |0 0 |1 0 |4 0 |7 0 |9 167738 |a SPS |b SPS |d 2019-04-16 |l 0 |p SPS01630 |r 2019-04-16 |w 2019-04-16 |y BK | ||